Evaluación para la mejora de los centros docentes: construcción del conocimiento
Uloženo v:
| Hlavní autoři: | , |
|---|---|
| Médium: | Kniha |
| Jazyk: | španělština |
| Vydáno: |
Madrid
Praxis
2006
|
| Vydání: | 1a. ed |
| Edice: | Colección Educación al Día. Didáctica y Pedagogía
|
| Témata: | |
| Tagy: |
Přidat tag
Žádné tagy, Buďte první, kdo vytvoří štítek k tomuto záznamu!
|
MARC
| LEADER | 00000nam a2200000 a 4500 | ||
|---|---|---|---|
| 001 | UCJ2617 | ||
| 003 | CL-VaPUC | ||
| 008 | 070104e20060000SP |||||||||||||||||spa|d | ||
| 020 | |a 8471978547 | ||
| 082 | 0 | 4 | |a 370.1 |b FER |2 21 |
| 100 | 0 | |a Ferreres Pavía, Vicente S |e author |9 503586 | |
| 700 | |a Gonzalez Soto, Ángel Pío |e author |9 503587 | ||
| 245 | 1 | 0 | |a Evaluación para la mejora de los centros docentes: construcción del conocimiento |
| 250 | |a 1a. ed | ||
| 300 | |a 463 p | ||
| 942 | |c BK | ||
| 945 | |d 20070104 00:00:00 |a jtorresc | ||
| 260 | |a Madrid |b Praxis |c 2006 | ||
| 650 | 0 | |a Sociedad de la información |9 417579 | |
| 650 | 0 | |a Evaluación de la educación |9 237505 | |
| 650 | 0 | |a Investigación educacional |9 261192 | |
| 650 | 0 | |a Educación superior |9 223851 | |
| 650 | 0 | |a Profesores |9 308968 | |
| 583 | |a last modification |c 20180327 01:22:27 |k Rodrigo Vera | ||
| 490 | 0 | |a Colección Educación al Día. Didáctica y Pedagogía | |
| 999 | |c 318811 |d 318809 | ||
| 952 | |0 0 |1 0 |4 0 |6 370_100000000000000_FER_2006 |7 0 |8 A |9 396951 |a BIBING |b BIBING |d 2019-11-22 |i 4310527 |o 370.1 FER 2006 |p 4310527 |r 2025-01-20 |w 2019-11-22 |y BK |k ING | ||